00941nam a2200265 u 450000100100000000500170001000800410002704000250006804100380009308200240013110000210015524000320017624500860020825000110029426000330030530000210033849000150035953400420037465000310041665000350044770000310048283000230051395201220053699900170065800002410220200930022724.0110118s1955 sp r 000 j spa d aDO-SdBNPbspacBNPHU aenghspa2Código de idioma MARC a813.54bR186m, 19551 aRand, Ayn94951310aThe fountainheadlespañol13aEl manantial :bnovela /cAyn Rand ; traducción del inglés por Luis de Paola. a2a ed. aBarcelona :bPlaneta,c1955. a730 p. ;c22 cm.1 aOmnibusv7 aTítulo original :tThe fountainhead 4aNovela estadounidense9262 4aLiteratura estadounidense92631 aPaola, Luis deetr.949514 0aOmnibus;v7939417 001050718MOaGRbGRcCTd2011-01-18iLF1l0o813.54 R186m, 1955p24102-10r2020-06-25w2020-06-25y1ZNo se presta c23597d23597